Special Issue Revisiting Rights vol. 48

Detalles Bibliográficos
Formato: eBook
Lenguaje:inglés
Publicado: Bingley: Emerald Group Publishing Limited, 2009
Materias:
Acceso en línea:Acceso restringido

MARC

LEADER 00000nam a22000007a 4500
005 20210223225435.0
007 cr|||| |||
008 210223s2009 us |||||s|||| 00||0 eng d
020 |a 978-1-84855-930-1 
035 |a 32180 
040 |a vLex 
090 |c 11234  |d 11234 
245 0 0 |a Special Issue Revisiting Rights  |h [Recurso electrn̤ico] /  |n vol. 48 
256 |a Servicio en ln̕ea 
260 |a Bingley:  |b Emerald Group Publishing Limited,  |c 2009 
300 |a 1 recurso electrn̤ico 
506 1 |a Disponible solo en los productos indicados  |d vLex Global  |d vLex Global (Academic Edition, excluding Law Schools)  |d vLex Global (Academic Edition, Law Schools) 
650 0 4 |a Ciencias sociales  |z Estados Unidos 
740 0 |a vLex Libros (Servicio en ln̕ea) 
856 4 0 |u http://vlex.com/source/32180  |z Acceso restringido 
942 |c BOOK 
999 0 |a Social Sciences